Medzinárodný obchod 2

Saved in:
Bibliographic Details
Main Author: Michník, Ľubomír
Corporate Author: Ekonomická univerzita v Bratislave. Obchodná fakulta
Format: Book
Language:Slovak
Published: Bratislava EU 1993
Edition:1. vyd.
Subjects:
Tags: Add Tag
No Tags, Be the first to tag this record!

MARC

LEADER 00000nam a2200000 4500
001 c003644
005 20221214082442.1
020 |a 80-225-0476-9 
041 0 |a slo 
044 |a SK 
245 1 0 |a Medzinárodný obchod 2  |c Ľubomír Michník a kol. 
250 |a 1. vyd. 
264 1 |a Bratislava  |b EU  |c 1993 
300 |a 128 s. 
610 2 0 |a obchod medzinárodný 
610 2 0 |a teórie ekonomické 
610 2 0 |a ČSFR 
610 2 0 |a obchod zahraničný 
610 2 0 |a Európske spoločenstvá 
610 2 0 |a EZVO 
610 2 0 |a politika obchodná 
610 2 0 |a zmluvy obchodné 
610 2 0 |a dovoz 
610 2 0 |a vývoz 
610 2 0 |a bilancia obchodná 
610 2 0 |a ceny 
610 2 0 |a prognózy 
610 2 0 |a riziko 
610 2 0 |a poisťovníctvo 
610 2 0 |a služby 
610 2 0 |a spolupráca hospodárska medzinárodná 
100 1 |a Michník, Ľubomír 
710 2 |a Ekonomická univerzita v Bratislave. Obchodná fakulta